banner-ar

كتبوا على الطين: رقم الطين البابلية تتحدث اليوم / (Record no. 49604)

MARC details
000 -الفاتح
حقل البيانات ثابتة الطول 00762nam a2200229Ia 4500
008 - عناصر البيانات ثابتة الطول - معلومات عامة
حقل البيانات ثابتة الطول 140319s9999 xx 000 0 ara d
040 ## - مصدر الفهرسة
وكالة الفهرسة الأصلية GCL /
وكالة النسخ GCL
082 04 - رقم تصنيف ديوى العشرى
رقم التصنيف 935.02
رقم المادة ك ك
100 1# - المدخل الرئيسى - إسم شخصى
الإسم الشخصى كييرا, ادوارد
245 10 - بيان العنوان
العنوان كتبوا على الطين: رقم الطين البابلية تتحدث اليوم /
بيان المسئوليه,etc كييرا, ادوارد
700 1# - المدخل الاضافى - اسم شخصى
الإسم الشخصى محمود حسين الامين
700 1# - المدخل الاضافى - اسم شخصى
الإسم الشخصى على خليل
300 ## - الوصف المادى
التعداد 265 ص
490 ## - بيان السلسلة
عنوان السلسلة الهيئة العامة للاستعلامات
رقم المجلد/ التعيين التسلسلي 0
650 04 - المدخل الاضافى بالموضوع-مصطلح موضوعى
مصطلح موضوعي الاثار
650 04 - المدخل الاضافى بالموضوع-مصطلح موضوعى
مصطلح موضوعي الحفريات الاثرية
650 04 - المدخل الاضافى بالموضوع-مصطلح موضوعى
مصطلح موضوعي الاشوريون
650 04 - المدخل الاضافى بالموضوع-مصطلح موضوعى
مصطلح موضوعي حضارة العراق القديمة
650 04 - المدخل الاضافى بالموضوع-مصطلح موضوعى
مصطلح موضوعي التاريخ - مصادر
942 ## - عناصر المدخل الإضافي( كوها)
مصدر التصنيف او مخطط الترفيف Dewey Decimal Classification
Koha [default] item type كتاب
Holdings
حالة التراجع حالة الفقد حالة تلف ليس للاعارة المكان المؤقت الموقع الحالى تاريخ الاكتساب اجمالي اﻻعارات رقم الطلب الباركود تاريخ اخر مشاهدة تاريخ تفعيل السعر نوع وعاء كوها
        مكتبة القاهرة الكبرى مكتبة القاهرة الكبرى 03/26/2014   935.02\ك ك 119084 03/26/2014 03/26/2014 كتاب

Powered By

EGPV